| 000 | 01653nam a22005417a 4500 | ||
|---|---|---|---|
| 005 | 20241213183409.0 | ||
| 008 | 220408b xxu||||| |||| 00| 0 spa d | ||
| 020 | _a8448146492 | ||
| 041 | _aspa | ||
| 082 | _a658.401.2 G241d2 | ||
| 100 |
_aGarrido Buj, Santiago _963138 |
||
| 245 | _aDirección estratégica | ||
| 250 | _a2 edición | ||
| 260 |
_aEspaña _bMcGraw Hill _c2006 |
||
| 300 | _a373 páginas | ||
| 650 | _aADMINISTRACIÓN ESTRATÉGICA | ||
| 650 | _aORGANIZACIÓN Y ESTRATEGIA | ||
| 650 | _aADMINISTRACIÓN DE EMPRESAS | ||
| 650 | _aMÉTODO PARA SELECCIÓN DE ESTRATEGIAS | ||
| 650 | _aTEORÍA ESTRATÉGICA | ||
| 650 | _aPLANIFICACIÓN ESTRATÉGICA | ||
| 650 | _aPROCESO ESTRATÉGICO | ||
| 650 | _aMODELOS DE GESTIÓN | ||
| 650 | _aCAMBIO ORGANIZACIONAL | ||
| 650 | _aENTORNO SECTORIAL | ||
| 650 | _aANÁLISIS DE RECURSOS | ||
| 650 | _aRECURSOS FINANCIEROS | ||
| 650 | _aPERSPECTIVA ESTRATÉGICA | ||
| 650 | _aRECURSOS HUMANOS | ||
| 650 | _aSISTEMAS ERP | ||
| 650 | _aIDENTICACIÓN DE FORTALEZAS | ||
| 650 | _aIDENTICACIÓN DE DEBILIDADES | ||
| 650 | _aINNOVACIÓN EMPRESARIAL | ||
| 650 | _aGESTIÓN DEL CONOCIMIENTO | ||
| 650 | _aFORMULACIÓN DE LA ESTRATEGIA | ||
| 650 | _aTOMA DE DECISIONES | ||
| 650 | _aTIPOS DE ESTRATEGIA | ||
| 650 | _aCOMPETENCIA EMPRESARIAL | ||
| 650 | _aIMPLEMENTACIÓN DE LA ESTRATEGIA | ||
| 650 | _aEASIER | ||
| 650 | _aESTRATEGIAS COMPETITIVAS | ||
| 650 | _aPLANIFICACIÓN DE LOS NEGOCIOS | ||
| 650 | _aSISTEMA BSC | ||
| 650 | _aVISION Y MISIÓN CORPORATIVA | ||
| 650 | _aDESARROLLO EMPRESARIAL | ||
| 942 |
_cBK _2ddc |
||
| 999 |
_c13342 _d13342 |
||